00189nam a2200061Ia 4500008004100000100001900041245006700060120527s9999 xx 000 0 und d aBABALEYE, Taye aA guide to public relation aspractice in Agricultural research